000 00416pab a2200157 454500
008 180718b2004 xxu||||| |||| 00| 0 eng d
100 _aSubramanian, K.S.
245 _aHuman rights of women and children in Nagaland: a rapid appraisal
260 _c2004
300 _ap.9-14.
362 _a6 Nov
650 _aHuman rights - India - Nagaland
650 _aHuman rights
773 _aMainstream
909 _a63160
999 _c63160
_d63160